Statistics for World Capitals Closest to Miami

Click here to take the quiz!

General Stats

  • This quiz has been taken 69 times
  • The average score is 15 of 20

Answer Stats

km capital miles % Correct
371Havana230
97%
2068Mexico City1284
90%
1492Washington927
90%
296Nassau184
88%
930Kingston578
87%
1138Port-au-Prince707
87%
2269Ottawa1409
85%
1331Santo Domingo827
83%
1856Panama City1152
83%
1640Guatemala City1019
82%
1641San Salvador1020
80%
1809San Jose1124
78%
1298Belmopan807
75%
1645Managua1022
72%
1490Tegucigalpa926
72%
2172Caracas1349
70%
2259Roseau1403
58%
2112St Johns1312
57%
2021Basseterre1255
53%
2376Castries1476
52%

Score Distribution

Percentile by Number Answered

Percent of People with Each Score

Your Score History

You have not taken this quiz